000 00249nam a22001097a 4500
020 _a9966445552
100 _aKLB
245 _aKISWAHILIKWA KIDATO CHA3
250 _aTOLEO LA TATU
260 _aNAIROBI
_bKENYA LITERATURE BUREAU
_c2007
942 _cBK
999 _c252117
_d252116